Statistics for 15 Largest Cities in Denmark🇩🇰

Click here to take the quiz!

General Stats

  • This quiz has been taken 58 times
  • The average score is 7 of 15

Answer Stats

PopulationCity% Correct
1.1 milCopenhagen
98%
237kAarhus
94%
122kAalborg
90%
145kOdense
88%
72kEsbjerg
61%
44kRoskilde
59%
55kRanders
51%
51kVejle
41%
55kKolding
33%
50kHorsens
29%
41kSilkeborg
29%
95kFrederiksberg
22%
44kHerning
22%
49kHvidovre
10%
47kGreve
4%

Score Distribution

Percentile by Number Answered

Percent of People with Each Score

Your Score History

You have not taken this quiz